Entwicklungspotentiale von Stadten zwischen Vision und Wirklichkeit : begleitendes Seminar zur Arbeit des Forschungsverbundes

Αποθηκεύτηκε σε:
Λεπτομέρειες βιβλιογραφικής εγγραφής
Συγγραφή απο Οργανισμό/Αρχή: Forschungsverbund Lebensraum Stadt
Μορφή: Βιβλίο
Γλώσσα:German
Δημοσίευση: Berlin : Ernst & Sohn, 1994
Berlin : 1994
Berlin : 1994
Θέματα:
Ετικέτες: Προσθήκη ετικέτας
Δεν υπάρχουν, Καταχωρήστε ετικέτα πρώτοι!

MARC

LEADER 00000cam a2200000 i 4500
001 1/10459
008 000901s1994 ger d
008 000901s1994 ger d
008 000901s1994 ger d
020 |a 3-433-02551-7 
020 |a 3-433-02551-7 
020 |a 3-433-02551-7 
035 |l 10063441 
035 |l 10063446 
035 |l 10063444 
040 |a GR-MY-UA  |b gre  |e aacr 
040 |a GR-MY-UA  |b gre  |e aacr 
040 |a GR-MY-UA  |b gre  |e aacr 
041 0 |a ger 
041 0 |a ger 
041 0 |a ger 
082 0 |a 307.1416 
082 0 |a 307.1416 
082 0 |a 307.1416 
245 1 0 |a Entwicklungspotentiale von Stadten zwischen Vision und Wirklichkeit :  |b begleitendes Seminar zur Arbeit des Forschungsverbundes /  |c Forschungsverbund Lebensraum Stadt (Hrsg.) ; Koordination Dieter Sauberzweig, Christian Neuhaus 
245 1 0 |a Mobitalitat und Kommunikation in den Agglomerationen von heute und Morgen :  |b ein Uberblick /  |c Forschungsverbund Lebensraum Stadt (Hrsg.) 
245 1 0 |a Szenarien und Handlungswege :  |b mogliche Zukunfte der Stadt : Stadt, Mobitalitat und Kommunikation im Jahre 2020 - Konzequenzen fur Politik und Verwaltung /  |c Forschungsverbund Lebensraum Stadt (Hrsg.) 
260 |a Berlin :   |b Ernst & Sohn,   |c 1994 
260 |a Berlin :   |b Ernst & Sohn,   |c 1994 
260 |a Berlin :   |b Ernst & Sohn,   |c 1994 
300 |a 232 p. 
300 |a 226 p. 
300 |a 224 p. 
500 |a At head of title: Gottler Daimler- und Karl Benz-Stiftung 
500 |a At head of title: Gottler Daimler- und Karl Benz-Stiftung 
500 |a At head of title: Gottler Daimler- und Karl Benz-Stiftung 
650 0 0 |a City planning. 
650 0 0 |a Urbanization. 
650 0 0 |a Rural-urban relations. 
700 1 |a Sauberzweig, Dieter.  |4 oth 
700 1 |a Neuhaus, Christian.  |4 oth 
710 2 |a Forschungsverbund Lebensraum Stadt. 
774 1 |t Forschungsverbund Lebensraum Stadt 
774 1 |t Forschungsverbund Lebensraum Stadt 
774 1 |t Forschungsverbund Lebensraum Stadt 
901 |a BIBL1-2000-2 
901 |a BIBL1-2000-2 
901 |a BIBL1-2000-2 
909 |a Λ  |b 074817 
909 |a Λ  |b 074812 
909 |a Λ  |b 074813 
922 |a 1ΕΛΗ  |b 200002  |c ΚΠΣ/ΤΚ  |d GLORY 
922 |a 1ΕΛΗ  |b 200002  |c ΚΠΣ/ΤΚ  |d GLORY 
922 |a 1ΕΛΗ  |b 200002  |c ΚΠΣ/ΤΚ  |d GLORY 
970 |z 2000/08/ΔΕΜΕΝΑΓΑΣ 
970 |z 2000/08/ΔΕΜΕΝΑΓΑΣ 
970 |z 2000/08/ΔΕΜΕΝΑΓΑΣ